Basic engineering thermodynamics (Record no. 9439)
[ view plain ]
| 000 -LEADER | |
|---|---|
| fixed length control field | 00698nac a22001931u 4500 |
| 020 ## - INTERNATIONAL STANDARD BOOK NUMBER | |
| International Standard Book Number | 0070965889 |
| 082 00 - DEWEY DECIMAL CLASSIFICATION NUMBER | |
| Classification number | 621.4021 |
| Item number | CHO |
| 090 ## - LOCALLY ASSIGNED LC-TYPE CALL NUMBER (OCLC); LOCAL CALL NUMBER (OCLC) | |
| -- | 9439 |
| -- | 9439 |
| 100 ## - MAIN ENTRY--PERSONAL NAME | |
| Personal name | Zemansky, Mark Waldo, |
| 245 10 - TITLE STATEMENT | |
| Title | Basic engineering thermodynamics |
| Statement of responsibility, etc | T. Roy Choudhury |
| 260 ## - PUBLICATION, DISTRIBUTION, ETC. (IMPRINT) | |
| Place of publication, distribution, etc | New Delhi: |
| Name of publisher, distributor, etc | TaTa McGraw-Hill ,1973 |
| Date of publication, distribution, etc | 1973 |
| 300 ## - PHYSICAL DESCRIPTION | |
| Extent | 227 p. |
| Other physical details | illus. |
| Dimensions | 22 cm. |
| 500 ## - GENERAL NOTE | |
| General note | distributer: Al-Ahram |
| 511 ## - PARTICIPANT OR PERFORMER NOTE | |
| Participant or performer note | catalogued by: wessam |
| 650 #0 - SUBJECT ADDED ENTRY--TOPICAL TERM | |
| Topical term or geographic name as entry element | Thermodynamics. |
| 942 ## - ADDED ENTRY ELEMENTS (KOHA) | |
| Item type | Book - Borrowing |
| Call number prefix | 621.4021CHO |
| Withdrawn status | Item status | Source of classification or shelving scheme | Damaged status | Not for loan | Home library | Current library | Shelving location | Date acquired | Source of acquisition | Total Checkouts | Full call number | Barcode | Date last seen | Koha item type | Materials specified (bound volume or other part) | Vendor | Cost, normal purchase price | Serial Enumeration / chronology |
|---|---|---|---|---|---|---|---|---|---|---|---|---|---|---|---|---|---|---|
| Dewey Decimal Classification | Central Library | Central Library | First floor | 08/05/2012 | Purchase | 621.4021 CHO | 000011456 | 15/07/2025 | Book - Borrowing | |||||||||
| Dewey Decimal Classification | Damaged | Central Library | Central Library | First floor | 05/07/2009 | Purchase | 621.4021 CHO | 000017199 | 24/08/2016 | NB - Book (Non borrowing) | BOX04 | Alahram | 7.70 | 72 |